LEADER 01345nam0 2200337 450 001 000019313 005 20060926115158.0 010 $a2-204-07547-7 100 $a20060726d2004----km-y0itaa50------ba 101 0 $afre$agrc 102 $aFR 200 1 $aLivre d' heures du Sinai$eSinaiticus graecus 864$fintroduction, texte critique, traduction, notes et index par Maxime Leila Ajjoub$gavec la collaboration de Joseph Paramelle 200 1 $a1 $n0000974 210 $aParis$c<> editions du cerf$d2004 215 $a491 p.$d20 cm 225 2 $aSources Chrétiennes$v486 410 1$12001$aSources Chrétiennes$v486 606 1 $aLibri d'ore$yMonte Sinai$yMonastero di Santa Caterina 676 $a242.2$v(21. ed.)$9Letteratura devota. Preghiere e meditazioni per l'uso quotidiano 702 1$aParamelle,$bJoseph 702 1$aAjjoub,$bMaxime Leila 801 0$aIT$bUniversità della Basilicata - B.I.A.$gRICA$2unimarc 912 $a000019313 996 $aLivre d' heures du Sinai$986996 997 $aUNIBAS BAS $aLETTERE CAT $aSTD047$b00$c20060726$lBAS01$h1230 CAT $aMDL$b30$c20060926$lBAS01$h1151 CAT $aBATCH$b00$c20070503$lBAS01$h1731 FMT Z30 -1$lBAS01$LBAS01$mBOOK$1BASA1$APolo Storico-Umanistico$2DSLF$BCollezione DiSLF$3DF/6903$66903$5F6903$820060726$b1$f04$FPrestabile Didattica LEADER 01240nam--2200397---450- 001 990002842520203316 005 20061204122524.0 010 $a2-02-012636-2 035 $a000284252 035 $aUSA01000284252 035 $a(ALEPH)000284252USA01 035 $a000284252 100 $a20061204d1991----km-y0itay50------ba 101 0 $afre 102 $aFR 105 $ay|||z|||001yy 200 1 $aEnquête sur l'auteur$eréponse tardive à André Malraux sur quelques questions relatives à la condition de journaliste$fJean Lacouture 210 $aParis$cArléa$d1991 215 $a314 p.$d18 cm 225 2 $aPoints$iActuels$v104 410 0$12001$aPoints$iActuels$v104 606 0 $aGiornalisti$yFrancia 606 0 $aGiornalismo e politica$yFrancia$zSec. 20. 676 $a070.92 700 1$aLACOUTURE,$bJean$0390969 702 1$aMALRAUX,$bAndré 801 0$aIT$bsalbc$gISBD 912 $a990002842520203316 951 $aIV.1. 919$b189042 L.M.$cIV.1.$d00119335 959 $aBK 969 $aUMA 979 $aANNAMARIA$b90$c20061204$lUSA01$h1152 979 $aANNAMARIA$b90$c20061204$lUSA01$h1215 979 $aANNAMARIA$b90$c20061204$lUSA01$h1225 996 $aEnquête sur l'auteur$9993268 997 $aUNISA